| 000 | 00443nam a2200145Ia 4500 | ||
|---|---|---|---|
| 008 | 231129s2005||||xx |||||||||||||| ||spa|| | ||
| 020 | _a958-977461-X | ||
| 040 | _bspa | ||
| 082 | _a338.9 B213 | ||
| 100 | _aBanco Mundial | ||
| 245 | 0 | _aCrecimiento económico en los años noventa: Aprendiendo de una década de reformas | |
| 260 | _c2005 | ||
| 264 | _aBanco Mundial; Mayol Ediciones | ||
| 942 |
_2ddc _cBKS |
||
| 999 |
_c8199 _d8199 |
||